Statistics for Famous Women in Politics

Click here to take the quiz!

General Stats

  • This quiz has been taken 472 times
    (213 since last reset)
  • The average score is 10 of 20

Answer Stats

Clue Woman % Correct
Britain's "Iron Lady"Margaret Thatcher
97%
Longest reigning British monarchQueen Elizabeth II
93%
Egyptian Pharaoh and lover of Marc AntonyCleopatra
88%
Alaskan Governor and Vice Presidential CandidateSarah Palin
75%
Assassinated Indian Prime MinisterIndira Gandhi
70%
First African American female Secretary of StateCondoleezza Rice
62%
Four-term First Lady and civil rights activistEleanor Roosevelt
60%
Leader during Russia's Golden AgeCatherine the Great
60%
Queen that financed Columbus' voyageQueen Isabella I
58%
Assassinated Pakistani Prime MinisterBenazir Bhutto
53%
First female Speaker of the HouseNancy Pelosi
50%
Israel's "Iron Lady" Prime MinisterGolda Meir
47%
First female Secretary of StateMadeleine Albright
41%
Queen who unified England and ScotlandQueen Anne
38%
Women's rights leader protrayed on the dollar coinSusan B. Anthony
36%
First female U.S. Supreme Court JusticeSandra Day O'Connor
33%
America's first female Vice Presidential candidateGeraldine Ferraro
28%
Australia's first female Prime MinisterJulia Gillard
20%
Activist and author of "The Feminine Mystique"Betty Friedan
16%
Last monarch of HawaiiQueen Liliʻuokalani
8%

Score Distribution

Percentile by Number Answered

Percent of People with Each Score

Your Score History

You have not taken this quiz since the last reset